<?xml version="1.0" encoding="UTF-8"?>
<collection xmlns="http://www.loc.gov/MARC21/slim">
 <record>
  <leader>00823nab a2200193 i 4500</leader>
  <controlfield tag="001">misc10901</controlfield>
  <controlfield tag="005">20191106142227.0</controlfield>
  <controlfield tag="008">170607s1935    hu      o     0||   hun d</controlfield>
  <datafield tag="022" ind1=" " ind2=" ">
   <subfield code="a">0025-0260</subfield>
  </datafield>
  <datafield tag="040" ind1=" " ind2=" ">
   <subfield code="a">SZTE Miscellanea Repozitórium</subfield>
   <subfield code="b">hun</subfield>
  </datafield>
  <datafield tag="041" ind1=" " ind2=" ">
   <subfield code="a">hun</subfield>
  </datafield>
  <datafield tag="100" ind1="1" ind2=" ">
   <subfield code="a">Arday Pál</subfield>
  </datafield>
  <datafield tag="245" ind1="1" ind2="0">
   <subfield code="a">Pintér Jenő </subfield>
   <subfield code="h">[elektronikus dokumentum] :</subfield>
   <subfield code="b">A budapesti tankerület 16. számú értesítője : 1934-1935. A tankerület megalapításának 159. évében : Budapest : Stephaneum, 1935 /</subfield>
   <subfield code="c"> Arday Pál</subfield>
  </datafield>
  <datafield tag="260" ind1=" " ind2=" ">
   <subfield code="c">1935</subfield>
  </datafield>
  <datafield tag="300" ind1=" " ind2=" ">
   <subfield code="a">194-195</subfield>
  </datafield>
  <datafield tag="490" ind1="0" ind2=" ">
   <subfield code="a">Magyar pedagógia : a Magyar Tudományos Akadémia Pedagógiai Bizottságának folyóirata</subfield>
   <subfield code="v">44</subfield>
  </datafield>
  <datafield tag="695" ind1=" " ind2=" ">
   <subfield code="a">Nevelésügy Magyarország 1935, Értesítő</subfield>
  </datafield>
  <datafield tag="700" ind1="0" ind2="1">
   <subfield code="a">Pintér Jenő</subfield>
   <subfield code="e">aut</subfield>
  </datafield>
  <datafield tag="856" ind1="4" ind2="0">
   <subfield code="u">http://misc.bibl.u-szeged.hu/10901/1/mp_1935_3512_194-195.pdf</subfield>
   <subfield code="z">Dokumentum-elérés </subfield>
  </datafield>
 </record>
</collection>
